000 00941nam a2200241Ia 4500
999 _c42029
_d42029
001 8719
003 GE_BSU
005 20240530174127.0
008 181216s2013||||ge |||||||||||||| ||geo||
020 _a9789941211287
040 _cGE_BSU
041 _ageo
080 _a821.353.1-31 დ–90
100 _aდუმბაძე, ნოდარ
_91321
245 _aმარადისობის კანონი :
_b[რომანი] /
_cნოდარ დუმბაძე ; რედაქტორი რუსუდან დარჩიაშვილი.
264 _aთბილისი :
_bპალიტრა L,
_c2013.
300 _a391 გვ. ;
_c17 სმ.
541 _h5ლ.
653 _aმარადისობის კანონი
653 _aრომანი
700 _aდარჩიაშვილი, რუსუდან
_eრედაქტორი
_916131
942 _cBK
_2udc